00812nam a22002177a 450000500170000001000150001702000260003203500140005803700090007208200130008110000280009424501290012225000060025126000350025727000410029230000270033370000370036094200240039799900190042195201540044020241118130107.0 aENG-142577 c500.00a9788190676083 aEN-126109 bDBAD a305.421 aKavita, Panjabi 973985 aWomen Contesting Culture:cEdited by Kavita, Panjabi [and] Paromita ChakravatibChanging Frames of Gender Politics in India/ a1 aKolkatabBhatkal & Sen, c2012 a16, Southern AvenuebKolkatae700026 alxxvi,381p. c21cm(pb) aPanjabi, Kavita, eEditor973984 2ddccENmWOMh305.4 c207005d207005 001040708NFICaBNbBNd2024-11-18eDelivery of Books Act Divisiong500.00l0oWOM 305.4pEN-126109r2024-11-18 00:00:00t1v500.00w2024-11-18yEN